Football : Ligue des champions 2026 clubs - Statistiques

Statistiques générales
  • Ce quiz a été pris 296 fois
    275 depuis la dernière actualisation
  • Le résultat moyen est 28 sur 36
Statistiques - réponses
Pays Club % Correct
France PSG
100%
France OM
99%
Espagne Real Madrid
99%
Espagne FC Barcelone
98%
Angleterre Manchester City
98%
France AS Monaco
97%
Espagne Atletico Madrid
97%
Angleterre Arsenal
95%
Allemagne Bayern Munich
95%
Italie Inter Milan
95%
Italie Juventus
92%
Angleterre Liverpool
92%
Angleterre Chelsea
91%
Allemagne Borussia Dortmund
90%
Allemagne Bayer Leverkusen
85%
Portugal Sporting
85%
Pays-Bas Ajax Amsterdam
84%
Portugal Benfica
83%
Angleterre Newcastle
83%
Italie Napoli
82%
Angleterre Tottenham
80%
Turquie Galatasaray
79%
Belgique Club Bruges
77%
Espagne Athletic Bilbao
76%
Espagne Villarreal
73%
Pays-Bas PSV
70%
Italie Atalanta
65%
Norvège Bodo Glimt
65%
Belgique Union Saint Gilloise
57%
Chypre Pafos
55%
Allemagne Francfort
54%
Grèce Olympiakos
54%
République Tchèque Slavia Prague
52%
Danemark Copenhague
51%
Kazakhstan Kairat Almaty
51%
Azerbaïdjan Qarabag
44%
Aucun quiz correspondant
Distribution des résultats
% des personnes avec chaque résultat
Percentile par nombre de réponses
Votre historique - résultats
Vous n’avez pas pris ce quiz depuis la dernière actualisation